| 000 | 00811nam a2200265Ia 4500 | ||
|---|---|---|---|
| 003 | OSt | ||
| 005 | 20221005044225.0 | ||
| 006 | a|||||r|||| 00| 0 | ||
| 007 | ta | ||
| 008 | 221004b |||||||| |||| 00| 0 eng d | ||
| 020 |
_a978 81 250 3226 7 (pbk) _cINR 410.00 |
||
| 024 | _a29072 | ||
| 037 |
_b1239, 23/02/2017, Bright Book Service _cTextual |
||
| 040 |
_aCRL _cCRL _beng |
||
| 041 |
_2eng _aeng |
||
| 082 | _aV2.L<-D, P7 | ||
| 100 |
_aChandra Satish Au. _9592329 |
||
| 245 | 0 | _aHistory of medieval India 800-1700 | |
| 260 |
_aHyderabad _bOrient Black Swan India _c2007 |
||
| 300 |
_axii, 418p. _ccm. |
||
| 650 | _a INDIA - HISTORY | ||
| 650 | _aHISTORY | ||
| 942 |
_hV2.L<-D, P7 _cTEXL _2cc |
||
| 999 |
_c953051 _d953051 |
||